[Event "Stjernen NGP B"]
[Site "Oslo"]
[Date "2018.06.09"]
[Round "4"]
[White "Becher, Adrian"]
[Black "Rosengren, Jon Even"]
[Result "1-0"]
[WhiteElo "1438"]
[BlackElo "1318"]
[PlyCount "105"]
[EventDate "2018.06.08"]
[EventType "swiss"]
[EventRounds "6"]
[EventCountry "NOR"]
[SourceTitle "EXT 2024"]
[Source "ChessBase"]
[SourceDate "2023.10.10"]
[SourceVersion "1"]
[SourceVersionDate "2023.10.10"]
[SourceQuality "1"]

1. d4 e6 2. c4 f5 3. Nc3 Nf6 4. Nf3 Bb4 5. g3 0-0 6. Bg2 d6 7. 0-0 e5 8. dxe5 Bxc3 9. exf6 Bxf6 10. Qc2 Na6 11. Bd2 Nc5 12. Bc3 Ne4 13. Bxf6 Nxf6 14. Rad1 Qe8 15. Rfe1 Qh5 16. e3 Be6 17. Nd4 Bc8 18. Qb3 c5 19. Nb5 Ng4 20. h3 Ne5 21. Nxd6 Nf3+ 22. Bxf3 Qxf3 23. Nxc8 Raxc8 24. Rd7 Rf7 25. Red1 Rc7 26. Rd8+ Rf8 27. Qd3 Re7 28. Qd6 Rxd8 29. Qxd8+ Kf7 30. Qd5+ Qxd5 31. Rxd5 b6 32. Rxf5+ Ke6 33. Rd5 a5 34. b3 g6 35. f4 Kf6 36. Kf2 h6 37. Rd6+ Re6 38. Rxe6+ Kxe6 39. e4 g5 40. Kf3 gxf4 41. gxf4 Kf6 42. Kg4 Kg6 43. e5 h5+ 44. Kh4 Kh6 45. e6 Kg6 46. f5+ Kf6 47. Kxh5 Kg7 48. Kg5 Kf8 49. f6 a4 50. bxa4 b5 51. axb5 Kg8 52. b6 Kh8 53. Kg6 1-0